Lectures on the philosophy of religion : (Record no. 136683)
[ view plain ]
| 000 -LEADER | |
|---|---|
| fixed length control field | 00711nam a2200205 4500 |
| 010 ## - LIBRARY OF CONGRESS CONTROL NUMBER | |
| LC control number | 207012 |
| 035 ## - SYSTEM CONTROL NUMBER | |
| System control number | 207012 |
| 037 ## - SOURCE OF ACQUISITION | |
| Source of stock number/acquisition | Cen Lib / Ret |
| 040 ## - CATALOGING SOURCE | |
| Original cataloging agency | DPL |
| Language of cataloging | EN |
| 082 ## - DEWEY DECIMAL CLASSIFICATION NUMBER | |
| Classification number | 193 |
| Item number | HEG |
| 100 ## - MAIN ENTRY--PERSONAL NAME | |
| Personal name | Hegel, Geore Wilhelm Friedrich |
| 245 ## - TITLE STATEMENT | |
| Title | Lectures on the philosophy of religion : |
| Remainder of title | together with a work on the proofs of the existence of God / |
| Statement of responsibility, etc | by Georg Wilhelm Friedrich Hegel [ and] J. Burdon Sanderson |
| 260 ## - PUBLICATION, DISTRIBUTION, ETC. (IMPRINT) | |
| Place of publication, distribution, etc | London |
| Name of publisher, distributor, etc | Routledge & Kegan Paul |
| Date of publication, distribution, etc | 1995 |
| 270 ## - ADDRESS | |
| Address | Routledge & Kegan Paul |
| City | London |
| 300 ## - PHYSICAL DESCRIPTION | |
| Extent | (v 2. 358p) |
| Other physical details | 24cm(Hb) |
| 650 ## - SUBJECT ADDED ENTRY--TOPICAL TERM | |
| Topical term or geographic name as entry element | Religion -- Philosophy. |
| 650 ## - SUBJECT ADDED ENTRY--TOPICAL TERM | |
| Topical term or geographic name as entry element | God -- Proof. |
| 700 ## - ADDED ENTRY--PERSONAL NAME | |
| Personal name | J. Burdon Sanderson |
| 942 ## - ADDED ENTRY ELEMENTS (KOHA) | |
| Source of classification or shelving scheme | Dewey Decimal Classification |
| Koha item type | English Books |
| Classification part | 193 |
| Call number suffix | HEG |
| Withdrawn status | Lost status | Source of classification or shelving scheme | Materials specified (bound volume or other part) | Damaged status | Not for loan | Home library | Current library | Date acquired | Source of acquisition | Total Checkouts | Total Renewals | Full call number | Barcode | Date last seen | Date checked out | Copy number | Price effective from | Koha item type |
|---|---|---|---|---|---|---|---|---|---|---|---|---|---|---|---|---|---|---|
| Dewey Decimal Classification | v 2 | Central Library | Central Library | 07/03/2016 | Cen Lib/Ret | 5 | 3 | 193 HEG | 207012 | 26/11/2025 | 03/09/2025 | 1 | 07/03/2016 | English Books |
